Sociálna trojčlennosť II stredoeurópsky koncept sociálne spravodlivej spoločnosti

Bibliographic Details
Main Author: Sulík, David (Author)
Format: Book
Language:Slovak
PhysicalDescription:279 s. 20 cm
Published: Malinovo David Sulík 2017
ISBN:9788097262075
Edition:2. vyd.
Subjects:

MARC

LEADER 00000cam a2200000 a 4500
001 vtls011628619
003 SK-MaSNL
005 20260301221608.0
008 240318s2017 xo f n 000 0 slo
015 |a SNBA2017/05 
020 |a 9788097262075  |q (brož.) 
035 |a urn:nbn:sk:snk-am00djm7 
035 |a urn:nbn:sk:snk-am3i4c2 
035 |a BADF19CB-2A9A-4D89-BAFC-96AEFEFF7D32 
040 |a SNK  |b slo  |c SNK  |e AACR2 
041 0 |a slo 
043 |a e------ 
044 |a xo  |c SK 
072 7 |a 364  |x Sociálne problémy vyžadujúce podporu a pomoc. Sociálne zabezpečenie  |2 konspekt 
080 |a 364.614.8  |2 2011 
080 |a 36  |2 2011 
080 |a (4)  |2 2011 
080 |a (048.8)  |2 2011 
080 |a 141.7  |2 2011 
100 1 |a Sulík, David  |4 aut  |9 332587 
245 1 0 |a Sociálna trojčlennosť II  |b stredoeurópsky koncept sociálne spravodlivej spoločnosti  |c David Sulík 
250 |a 2. vyd. 
260 |a Malinovo  |b David Sulík  |c 2017 
300 |a 279 s.  |c 20 cm 
504 |a Bibliogr.: s. 276-277 ; bibliogr. odkazy ; pozn. 
650 0 7 |a sociálna spravodlivosť  |2 SNKPH  |9 68730 
650 0 7 |a sociálna politika  |2 SNKPH  |9 2333 
650 0 7 |a sociálna filozofia  |2 SNKPH  |9 68446 
650 0 7 |a Social justice  |2 SNKPHeng  |9 110667 
650 0 7 |a Social policy  |2 SNKPHeng  |9 310357 
650 0 7 |a Social philosophy  |2 SNKPHeng  |9 312619 
651 7 |a krajiny Európskej únie  |2 SNKPH  |9 31482 
651 7 |a European Union countries  |2 SNKPHeng  |9 276031 
655 7 |a štúdie  |2 SNKPH  |9 57033 
655 7 |a Studies  |2 SNKPHeng  |9 265573 
852 |a Štátna vedecká knižnica v Banskej Bystrici 
919 |a 978-80-972620-7-5 
958 |a NB 
999 |c 936579  |d 938509 
952 |a SNK  |b SNK  |y PREZ  |7 0  |p 17A1258601  |o snkSD 86230  |i snk2017/10889  |8 0  |0 0  |1 0  |4 0  |d 2017-05-11  |f 1  |l 0  |r 2026-02-24 09:06:00  |w 2026-02-24 
952 |a SNK  |b SNK  |y VYP  |7 0  |p 17A1258602  |o snkSD 86230 D1  |i snk2017/10890  |8 0  |0 0  |1 0  |4 0  |d 2017-05-11  |l 0  |r 2026-02-24 09:06:00  |w 2026-02-24